Operator inequalities

Uložené v:
Podrobná bibliografia
Hlavný autor: Schröder, Johann
Médium: Kniha
Jazyk:English
Vydavateľské údaje: New York Academic Press 1980
Edícia:Mathematics in science and engineering vol. 147
Tagy: Pridať tag
Žiadne tagy, Buďte prvý, kto otaguje tento záznam!

MARC

LEADER 00000nam a2200000 4500
001 c134414
005 20041019155301.1
041 0 |a eng 
044 |a US 
245 1 0 |a Operator inequalities  |c Johann Schröder 
264 1 |a New York  |b Academic Press  |c 1980 
300 |a 367 s. 
490 1 |a Mathematics in science and engineering  |v vol. 147 
830 0 |a Mathematics in science and engineering  |v vol. 147 
100 1 |a Schröder, Johann